LEADER 01292nam a2200289 u 4500 001 000000091257 003 CaOOAMICUS 005 20070226124818.0 008 060315s1882 it u000 u ita u 035 $a11081288 040 $aPUL(R)$bita 041 1 $aita$alat 100 1 $aSuetonius Tranquillus, Caius,$df. sec. I-II.$0(OLS)http://pul/name/5481 240 10$aDe vita XII Caesarum$9(Suetonius Tranquillus, Caius, f. sec. I-II).$lItaliano e latino.$0(OLS)http://pul/title/117832 245 13$aLe vite di dodici Cesari /$cdi Svetonio Tranquillo ; volgarizzate da Giuseppe Rigutini. 260 $aFirenze :$bG.C. Sansoni,$c1882. 300 $axxii, 633 p. ;$c20 cm 546 $aTesto a fronte in latino. 650 4$aImperatori romani$xBiografia.$0(OLS)http://pul/subject/4650 700 1 $aRigutini, Giuseppe,$d1829-1903.$0(OLS)http://pul/name/46882 850 $aPUL 852 $aPUL$W1$xDP1 Fondo Gelio$y54$m2 A 23$j114986$nBK-PRI$b $qFondi$B114986$CPULBib$Z2$F114986 $H $81 900 $aSvetonius Tranquillus, Caius,$df. sec. I-II$95481 900 $aSvetonio,$df. sec. I-II$95481 941 1 $a1 996 $6245$aLe vite di dodici Cesari$9(OLS)http://pul/title/111757 996 $6260$aFirenze :$bG.C. Sansoni$9(OLS)http://pul/publisher/48247 LEADER 01462nam a2200325 u 4500 001 000000066682 003 CaOOAMICUS 005 20070226121613.0 008 020122s1969 it f u000 u mul u 035 $a10917395 040 $aIAR$bita 041 1 $aeng$aita$aurd 100 1 $aAli, Ahmed.$0(OLS)http://pul/name/44622 245 10$aGhalib :$btwo essays /$cby Ahmed Ali and Alessandro Bausani. 260 $aRoma :$bIstituto Italiano per il Medio ed Estremo Oriente,$c1969. 300 $a167 S., [1] Taf. :$bPortrait im Vorsatz, ;$c25 cm 490 1 $aSerie orientale Roma ;$v39 490 1 $aOrientalia romana ;$v3 500 $aGedichte Urdu und Englisch. 505 1 $aGhalib: Selected Poems / Ahmed Ali. --- La poesia di Gh?lib / Alessandro Bausani. 600 14$aGhalib,$c(Mirza Asadullah Khan),$d1797-1869.$0(OLS)http://pul/subject/24249 700 1 $aBausani, Alessandro,$d1921-$0(OLS)http://pul/name/18787 830 0$aOrientalia romana ;$v3.$0(OLS)http://pul/title/88511 830 0$aSerie orientale Roma ;$v39.$0(OLS)http://pul/title/88503 850 $aPUL 852 $aPUL$W1$xDP1 Cons. Gen., Altre Classi 1$y22$m780 E 13$j86241$nBK-PRI$b $qStampati$B86241$CPULBib$Z2$F86241 $H $81 941 1 $a8 961 $aINV: 58950 996 $6245$aGhalib :$btwo essays$9(OLS)http://pul/title/88510 996 $6260$aRoma :$bIstituto Italiano per il Medio ed Estremo Oriente$9(OLS)http://pul/publisher/71417